Diario de una bandera / (Record no. 65345)

MARC details
000 -LEADER
campo de control de longitud fija 00792nam a2200241 i 4500
001 - NÚMERO DE CONTROL
campo de control 65345
003 - IDENTIFICADOR DE NÚMERO DE CONTROL
campo de control ES-MaACL
005 - FECHA Y HORA DE LA ÚLTIMA TRANSACCIÓN
campo de control 20250808020342.0
007 - CAMPO FIJO DE DESCRIPCIÓN FÍSICA--INFORMACIÓN GENERAL
campo de control de longitud fija t|
008 - DATOS DE LONGITUD FIJA--INFORMACIÓN GENERAL
campo de control de longitud fija 040112s1956 sp |||| | spa d
100 1# - ENTRADA PRINCIPAL--NOMBRE DE PERSONA
Nombre de persona Franco Bahamonde, Francisco,
Fechas asociadas al nombre 1892-1975
9 (RLIN) 52240
245 10 - MENCIÓN DEL TÍTULO
Título Diario de una bandera /
Mención de responsabilidad, etc. Comandante Franco ; prólogo de Manuel Aznar.
250 ## - MENCION DE EDICION
Mención de edición 1ª ed.
260 ## - PUBLICACIÓN, DISTRIBUCIÓN, ETC.
Lugar de publicación, distribución, etc. Madrid :
Nombre del editor, distribuidor, etc. Afrodisio Aguado,
Fecha de publicación, distribución, etc. [1956] (
Fabricante Tip. Moderna)
300 ## - DESCRIPCIÓN FÍSICA
Extensión 199 p., 11 lám. ;
Dimensiones 24 cm.
490 1# - MENCIÓN DE SERIE
Mención de serie Vida e historia ;
Designación de volumen o secuencia 5
610 14 - PUNTO DE ACCESO ADICIONAL DE MATERIA--NOMBRE DE ENTIDAD CORPORATIVA
Nombre de entidad corporativa o nombre de jurisdicción como elemento de entrada España.
Unidad subordinada Legión.
9 (RLIN) 149416
650 #4 - PUNTO DE ACCESO ADICIONAL DE MATERIA--TÉRMINO DE MATERIA
Término de materia o nombre geográfico como elemento de entrada Guerra del Rif, 1921-1926.
9 (RLIN) 142118
700 1# - ENTRADA AGREGADA--NOMBRE PERSONAL
Nombre de persona Aznar Zubigaray, Manuel,
Fechas asociadas al nombre 1894-1975
9 (RLIN) 24321
830 00 - PUNTO DE ACCESO ADICIONAL DE SERIE-TÍTULO UNIFORME
Título uniforme Vida e historia
Designación de volumen o secuencia 5
9 (RLIN) 180776
852 ## - LOCALIZACIÓN
Ubicación ES-MaACL
Número de control de estantería C-11248
Holdings
Estatus retirado Estado de pérdida Estado de daño No para préstamo Biblioteca de origen Biblioteca actual Ubicación en estantería Fecha de adquisición Fuente de adquisición Total de préstamos Signatura topográfica completa Código de barras Visto por última vez Precio de reemplazo Tipo de ítem Koha
        Biblioteca del Ateneo de Madrid Biblioteca del Ateneo de Madrid Sala Palomar 17/01/2008     C-11248 1068461 23/02/2023 23/02/2023 Libro impreso